| 000 | 00394pab a2200169 454500 | ||
|---|---|---|---|
| 008 | 180718b1999 xxu||||| |||| 00| 0 eng d | ||
| 100 | _aKarthik, S.A. | ||
| 245 | _aWomen in panchayati raj institutions | ||
| 260 | _c1999 | ||
| 300 | _ap.M-IV | ||
| 362 | _a26 Sep | ||
| 650 | _aLocal government | ||
| 650 | _aConstitutions | ||
| 650 | _aWomen | ||
| 773 | _aDeccan Herald | ||
| 909 | _a43207 | ||
| 999 |
_c43207 _d43207 |
||